000 02537nam a2200349Ia 4500
001 CRC00E59971PDF
003 BD-DhSAU
005 20151012144300.0
006 m|||||o||d||||||||
007 cr||||
008 091222s2010 flu sb 001 0 eng d
020 _a9781420059984 (ebook : PDF)
040 _aBD-DhSAU
_cBD-DhSAU
090 _aQP532
_b.C45 2010
092 _a615.9253
_bC393
245 0 0 _aCellular and molecular biology of metals
_h[electronic resource] /
_ceditors, Rudolfs K. Zalups and D. James Koropatnick.
260 _aBoca Raton, Fla. :
_bCRC Press/Taylor & Francis Group,
_c2010.
300 _a440 p.
504 _aIncludes bibliographical references and index.
505 0 _aCellular inorganic chemistry concepts and examples / David H. Petering ... [et al.] -- Molecular and cellular biology of mercury in the kidneys / Rudolfs K. Zalups and Christy C. Bridges -- Essential and toxic metal transport in the liver / Nazzareno Ballatori, David A. Aremu, and Michael S. Madejczyk -- Molecular and cell biology of lead / Bruce A. Fowler -- Transport and biological impact of manganese / Keith M. Erikson, Khristy J. Thompson, and Michael Aschner -- Metallothionein and metal homeostasis / James Koropatnick -- Cellular and molecular biology of iron-binding proteins / Danuta S. Kalinowski and Des R. Richardson -- The regulatory and signaling functions of zinc ions in human cellular physiology / Hajo Haase and Wolfgang Maret -- Glutathione, protein thiols, and metal homeostasis / Lawrence H. Lash -- Ionic and molecular mimicry and the transport of metals / Christy C. Bridges and Rudolfs K. Zalups -- Heavy metal transport and detoxification in crustacean gastrointestinal -- And renal epithelial cells / Gregory A. Ahearn -- Metals and cell adhesion molecules / Alan R. Parrish and Walter C. Prozialeck -- Iron metabolism and disease / Giada Sebastiani and Kostas Pantopoulos -- Metal influences on immune function / Michael A. Lynes ... [et al.].
530 _aAlso available in print edition.
538 _aMode of access: World Wide Web.
650 0 _aMetals
_xPhysiological effect.
650 0 _aMetals
_xMetabolism.
650 0 _aMetals
_xToxicology.
650 0 _aCytochemistry.
655 7 _aElectronic books.
_2lcsh
700 1 _aZalups, Rudolfs K.
700 1 _aKoropatnick, Donald James,
_d1952-
776 1 _z9781420059977
856 4 0 _uhttp://marc.crcnetbase.com/isbn/9781420059984
_qapplication/PDF
999 _c11194
_d11193